00857nam a22002537a 450000100040000000500170000402000150002104000230003605000240005908200120008310000290009524500830012426000360020730000620024350500080030552001200031352100200043352100200045365000230047365000190049665000200051565000310053570000370056663720250402101626.0 a0670855510 aDLCcDLCdDLCbeng00aPZ7.L8432bFrl 199500a[E]2201 aLondon, Jonathan,d1947-10aFroggy learns to swim /cby Jonathan London ; illustrated by Frank Remkiewicz. aNew York :bScholastic :c1995. a31 unnumbered pages :bcolor illustrations ;c21 x 25 cm. aF  aFroggy is afraid of the water until his mother, along with his flippers, snorkle, and mask, help him learn to swim. a380 bLexile  aF bRaz-Plus  1aSwimmingxFiction. 1aFearxFiction. 1aFrogsxFiction. 1aMothers and sonsxFiction.1 aRemkiewicz, Frank,eillustrator.